プロ野球スピリッツA(プロスピA) ランク戦 懸賞品のスポンサー名 - Statistics

General Stats
  • This quiz has been taken 12 times
  • The average score is 2 of 10
Answer Stats
懸賞品 スポンサー名 % Correct
300スカウトP うっちゃりハム賞
75%
Sランク契約書 灰徳商事賞
38%
Aランク契約書 トード製薬賞
38%
Bランク契約書 転職ならビジネスDOME賞
25%
3エナジー ジュエリールージュ賞
0%
300スピメダル 電脳野球銀行賞
0%
300コイン ハロウィンテック賞
0%
試練チケット×3枚 総縁グループ賞
0%
ゴールド契約書 JAZZ SPORTS賞
0%
300ストック経験値 KARAOKEアルトボイス賞
0%
No matching quizzes found
Score Distribution
Percent of People with Each Score
Percentile by Number Answered
Your Score History
You have not taken this quiz